| 000 | 00480cam a22001577a 4500 | ||
|---|---|---|---|
| 008 | 180718b1996 xxu||||| |||| 00| 0 eng d | ||
| 020 | _a0415098246 | ||
| 082 | _aT1 J682 | ||
| 100 | _aJolink, Albert | ||
| 245 |
_aThe evoluationist economics of Leon Waras _cby Albert Jolink |
||
| 260 |
_aLondon _bRoutledge _c1996 |
||
| 300 | _a196p. | ||
| 440 | _aRoutlidge studies in the history of economics | ||
| 650 | _aWalras, Leon - Views on economics | ||
| 650 | _aEvolutionary economics | ||
| 999 |
_c391956 _d391956 |
||